Statistiques concernant Petit Bac #29 - Fleuves Français

Cliquez ici pour prendre le quiz!

Statistiques générales

  • Ce quiz a été pris 1 582 fois
    (945 depuis la dernière actualisation)
  • Le résultat moyen est 8 sur 16

Statistiques - réponses

1ère LettreFleuve (50km +)% Correct
RRhône / Rhin / Rance / Roya
97%
SSeine / Somme / Sèvre Niortaise / Sienne / Sélune / Scorff / Sée / Seulles / Seudre
95%
LLoire / Lay / Léguer / Loup
93%
GGaronne / Golo
85%
VVilaine / Vire / Var / Vidourle / Vie / Vistre
64%
AAdour / Aude / Aulne / Argens / Authie / Aa / Arc / Agly / Auray / Arguenon
54%
MMeuse
52%
DDordogne / Dives / Douve
50%
OOrne / Orb / Odet
46%
HHérault
37%
CCharente / Couesnon / Canche
36%
EEyre / Escaut / Ellé / Élorn
28%
BBlavet / Bresle / Bidassoa
10%
TTêt / Touques / Tavignano / Tech / Trieux / Taravo / Touloubre
10%
YYser
8%
FFalleron
2%

Distribution des résultats

Percentile par nombre de réponses

% des personnes avec chaque résultat

Votre développement - résultats

Vous n’avez pas pris ce quiz depuis la dernière actualisation